| 000 | 04100cam a22007694i 4500 | ||
|---|---|---|---|
| 003 | PE-LiUPU | ||
| 005 | 20250731170425.0 | ||
| 008 | 190204s2017 sp r 000 0 spa d | ||
| 020 | _a8472453715 | ||
| 020 | _a9788472453715 | ||
| 035 | _a(Sirsi) a251558 | ||
| 040 |
_aPE-LiUPU _bspa _cPE-LiUPU _erda |
||
| 049 | _aPRUA | ||
| 082 | 0 | 4 |
_a159.942 _bG59 |
| 082 | 0 | 4 |
_a152.4 _bG59 _223 |
| 100 | 1 |
_aGoleman, Daniel, _eautor. |
|
| 245 | 1 | 0 |
_aInteligencia emocional / _cDaniel Goleman ; traducción David González Raga, Fernando Mora. |
| 250 | _aNonagésima séptima edición. | ||
| 264 | 1 |
_aBarcelona : _bKairós, _c2017. |
|
| 300 |
_a512 páginas ; _c20 centímetros |
||
| 336 |
_atext _2rdacontent |
||
| 337 |
_aunmediated _2rdamedia |
||
| 338 |
_avolume _2rdacarrier |
||
| 505 | 0 | _aEl cerebro emocional -- ¿Para qué sirven las emociones? -- Anatomía de un secuestro emocional -- La naturaleza de la inteligencia emocional -- Cuando el listo es tonto -- Conócete a ti mismo -- Esclavos de la pasión -- La aptitud maestra -- Las raíces de la empatía -- Las artes sociales -- Inteligencia emocional aplicada -- Enemigos íntimos -- Ejecutivos con corazón -- La mente y la medicina -- Una puerta abierta a la oportunidad -- El crisol familiar -- Trauma y reeducación emocional -- El temperamento no es el destino -- La alfabetización emocional -- El coste del analfabetismo emocional -- La escolarización de las emociones. | |
| 526 | _aSEG68 | ||
| 526 | _aSEG70 | ||
| 526 | _aSEG69 | ||
| 526 | _aSEG67 | ||
| 526 | _aSEG43 | ||
| 526 | _aP144 | ||
| 526 | _aP143 | ||
| 526 | _aP131 | ||
| 526 | _aP122 | ||
| 526 | _aP120 | ||
| 526 | _aP117 | ||
| 526 | _aP112 | ||
| 526 | _aP110 | ||
| 526 | _aP106 | ||
| 526 | _aP101 | ||
| 526 | _aP80 | ||
| 526 | _aP59 | ||
| 526 | _aP54 | ||
| 526 | _aP35 | ||
| 526 | _aP33 | ||
| 526 | _aP30 | ||
| 541 | _gF101-00006453; | ||
| 541 | _g002-00001573; | ||
| 650 | 0 | 4 | _aMadurez afectiva. |
| 650 | 0 | 4 | _aEmociones. |
| 650 | 0 | 4 | _aInteligencia. |
| 700 | 1 |
_aGonzález Raga, David, _etraductor. |
|
| 700 | 1 |
_aMora, Fernando, _etraductor. |
|
| 910 |
_armch _btqv _cwelc _d20190204 |
||
| 910 |
_abgr _bksl _cksl _d20190807 |
||
| 942 |
_2ddc _cBOOK |
||
| 949 |
_a159.942 G59 2017 _wDEWEY _c1 _iFJ12501 _lCCODEBUJ1 _mBUJ _p21.80 _r0 _sY _tBOOK _u2019-02-04 _xSALUD _PP33 _0COMPRA _o.STAFF. Colección General Juliaca |
||
| 949 |
_a159.942 G59 2017 _wDEWEY _c2 _iFJ12502 _lCCODEBUJ1 _mBUJ _p21.80 _r0 _sY _tBOOK _u2019-02-04 _xSALUD _PP33 _0COMPRA _o.STAFF. Colección General Juliaca |
||
| 949 |
_a159.942 G59 2017 _wDEWEY _c3 _iFJ12503 _lCCODEBUJ1 _mBUJ _p21.80 _r0 _sY _tBOOK _u2019-02-04 _xSALUD _PP33 _0COMPRA _o.STAFF. Colección General Juliaca |
||
| 949 |
_a159.942 G59 2017 _wDEWEY _c4 _iFJ12504 _lCCODEBUJ1 _mBUJ _p21.80 _r0 _sY _tBOOK _u2019-02-04 _xSALUD _PP33 _0COMPRA _o.STAFF. Colección General Juliaca |
||
| 994 |
_aC0 _bPEPRU |
||
| 596 | _a1 3 | ||
| 999 |
_a159.942 G59 2017 _wDEWEY _c30933 _iFJ12501 _d30933 _e2019-10-23 _f2022-1-17 _g3 _lCCODEBUJ1 _mBUJ _n6 _p21.80 _q8 _r0 _sY _tBOOK _u2019-2-4 _xSALUD _zP33 _0COMPRA _1FCOMPR2 _o.STAFF. Colección General Juliaca |
||
| 999 |
_a159.942 G59 2017 _wDEWEY _c2 _iFJ12502 _d2019-8-28 _e2019-8-26 _f2022-1-17 _g3 _lCCODEBUJ1 _mBUJ _n4 _p21.80 _q4 _r0 _sY _tBOOK _u2019-2-4 _xSALUD _zP33 _0COMPRA _1FCOMPR2 _o.STAFF. Colección General Juliaca |
||
| 999 |
_a159.942 G59 2017 _wDEWEY _c3 _iFJ12503 _d2019-10-16 _e2019-5-24 _f2022-1-17 _g3 _lCCODEBUJ1 _mBUJ _n6 _p21.80 _q7 _r0 _sY _tBOOK _u2019-2-4 _xSALUD _zP33 _0COMPRA _1FCOMPR2 _o.PUBLIC. Colección General Juliaca |
||
| 999 |
_a159.942 G59 2017 _wDEWEY _c4 _iFJ12504 _d2019-8-28 _e2019-8-26 _f2022-1-17 _g3 _lCCODEBUJ1 _mBUJ _n4 _p21.80 _q8 _r0 _sY _tBOOK _u2019-2-4 _xSALUD _zP33 _0COMPRA _1FCOMPR2 _o.STAFF. Colección General Juliaca |
||
| 999 |
_a152.4 G59 _wDEWEY _c1 _i80499 _d2019-9-11 _e2019-9-10 _f2021-11-3 _g3 _lCCODEBUL1 _mBUL _n5 _p39.95 _r0 _sY _tBOOK _u2019-8-7 _xSALUD _zP33 _0COMPRA _1FCOMPR3 _o.STAFF. Colección Ciencias de la Salud |
||
| 980 |
_81 _gALBERTO SANCHEZ Responsable de Automatización |
||